| 000 | 00489nam a2200169Ia 4500 | ||
|---|---|---|---|
| 999 |
_c12131 _d12131 |
||
| 003 | OSt | ||
| 005 | 20201016140636.0 | ||
| 008 | 190216s9999||||xx |||||||||||||| ||und|| | ||
| 040 | _coclc | ||
| 082 |
_a378.19810954 _bGUP/Y |
||
| 100 |
_aGupta, R C _93117 |
||
| 245 | 0 |
_aYouth In Ferment / _cR C Gupta |
|
| 260 |
_bSterling Publications, _c1968. _aDelhi: |
||
| 300 | _a143p | ||
| 650 | _aEnglish Stories | ||
| 942 |
_cBK _2ddc _h378.19810954 _iGUP/Y _k378.19810954 _mGUP/Y |
||